Amyl and the Sniffers Discography - Statistics

General Stats
  • This quiz has been taken 5 times
  • The average score is 3 of 5
Answer Stats
Picture Answer % Correct
Amyl and the Sniffers
100%
Cartoon Darkness
100%
Comfort To Me
75%
Big Attraction EP
25%
Giddy Up EP
25%
No matching quizzes found
Score Distribution
Percent of People with Each Score
Percentile by Number Answered
Your Score History
You have not taken this quiz